Calles y caminos del Santo Hermano Pedro de San José de Betancur /
保存先:
| 第一著者: | |
|---|---|
| フォーマット: | 不明 |
| 言語: | Spanish |
| 出版事項: |
San José, Costa Rica :
Ediciones Promesa,
2003.
|
| シリーズ: | (Biografías ;
número 2) |
| 主題: | |
| タグ: |
タグ追加
タグなし, このレコードへの初めてのタグを付けませんか!
|
MARC
| LEADER | 000000000a22000000004500 | ||
|---|---|---|---|
| 001 | 001801 | ||
| 041 | 0 | |a spa | |
| 082 | 0 | 4 | |a 92 |b B562gr |
| 100 | 1 | |a González Villanueva, Gustavo | |
| 245 | 1 | 0 | |a Calles y caminos del Santo Hermano Pedro de San José de Betancur / |c Gustavo González Villanueva. |
| 260 | 1 | |a San José, Costa Rica : |b Ediciones Promesa, |c 2003. | |
| 300 | |a 180 páginas | ||
| 490 | 1 | |a (Biografías ; |v número 2) | |
| 650 | 4 | |a BETANCUR, PEDRO DE, 1626-1667 | |
| 999 | |c 8465 |d 8465 | ||
| 942 | |c BK |h 92 B562gr |2 z | ||
